01411cam a22002654a 45000010009000000050017000090080041000260100017000670200028000840200044001120400018001560420008001740500016001820820012001981000023002102450082002332500012003152600042003273000042003695000109004115000020005205050566005406500016011067000023011221264838320210414113951.0020117s2003 maua 001 0 eng  a 2002016638 a0072472960 (alk. paper) a0071194576 (international : alk. paper) aDLCcDLCdDLC apcc00aHF5635.F95 00a657221 aEdmonds, Thomas P.00aFundamental financial accounting concepts. /cThomas P. Edmonds ... [et al.]. a4th ed. aBoston, Mass. :bMcGraw-Hill,cc2003. axxviii, 676 p. :bcol. ill. ;c29 cm. aA variety of multi-media instructional aids, including a web site, are available to supplement the text. aIncludes index. aContents: Elements of financial statements -- Accounting for accruals -- Accounting for deferrals -- The Recording process -- Accounting for merchandising business -- Internal control and accounting for cash -- Accounting for accurals-advanced topics: receivables and payables -- Asset valuation accounting for inventories -- Long-term operational assets -- Accounting for long-term debt -- Accounting for equity transactions -- Statement of cash flows -- Appendix A : Accessing the EDGAR database through the internet -- Appendix B : Dell computer corporation. 0aAccounting.1 aEdmonds, Thomas P.